00789nam a22002297a 450000500170000001000130001702000100003003500130004003700160005304000120006908200160008110000220009724500640011926000670018327000740025030000200032465000280034465000200037294200250039299900190041795201230043620170124105934.0 aA-763872 c00.00 aA-763872 bCen Lib/Ret aDPLbEN a342.54bSAW aSawant P .B99249 aSocialism under the Indian Constitution /cby P. B. Sawant  aLake View RoadbSociety for Community Organisation Trustc200? aJustice Bhagwati Bhavan, Lake View Road, K. K. NagarbMaduraie625020 a115p.c19cm(Hb) aPolitical science99250 aSocialism99251 2ddccENh342.54mSAW c124097d124097 00104070aLbLd2015-06-13eCen Lib/Retg0.00l0o342.54 SAWpA-763872r2015-06-13 00:00:00t1v0.00w2015-06-13yEN